NPB 日本プロ野球 2024年開幕戦のスタメン - Statistics

General Stats
  • This quiz has been taken 1,533 times
  • The average score is 71 of 114
Answer Stats
打順 守備位置 選手名 % Correct
5番 佐藤輝明
95%
1番 近本光司
94%
7番 坂本誠志郎
94%
5番 坂本勇人
94%
3番 森友哉
94%
8番 佐藤都志也
94%
2番 中野拓夢
93%
4番 大山悠輔
92%
6番 岡大海
90%
3番 森下翔太
88%
4番 村上宗隆
88%
4番 牧秀悟
87%
7番 中村奨吾
87%
5番 中村剛也
87%
7番 中村悠平
86%
8番 木浪聖也
85%
9番 柳裕也
84%
4番 岡本和真
83%
7番 丸佳浩
83%
1番 菊池涼介
82%
9番 九里亜蓮
82%
8番 甲斐拓也
81%
5番 坂倉将吾
80%
6番 大城卓三
80%
4番 山川穂高
80%
9番 戸郷翔征
79%
3番 柳田悠岐
79%
5番 山田哲人
78%
1番 周東佑京
78%
5番 宮﨑敏郎
77%
8番 吉川尚輝
77%
7番 山本祐大
76%
3番 オスナ
76%
2番 今宮健太
76%
2番 オースティン
75%
6番 サンタナ
75%
5番 近藤健介
75%
3番 佐野恵太
74%
2番 西川遥輝
74%
1番 西川龍馬
74%
3番 小園海斗
73%
2番 田中幹也
73%
9番 東克樹
72%
2番 門脇誠
72%
8番 長岡秀樹
72%
3番 万波中正
72%
3番 高橋周平
71%
1番 塩見泰隆
70%
2番 ソト
70%
4番 浅村栄斗
70%
8番 太田光
70%
9番 源田壮亮
70%
9番 青柳晃洋
69%
5番 宗佑磨
69%
6番 栗原陵矢
69%
3番 ポランコ
68%
伊藤大海
68%
6番 前川右京
67%
4番 中田翔
67%
6番 紅林弘太郎
67%
5番 細川成也
66%
宮城大弥
66%
9番 牧原大成
66%
有原航平
66%
7番 辰己涼介
66%
1番 度会隆輝
64%
6番 木下拓哉
64%
8番 杉本裕太郎
61%
3番 外崎修汰
61%
今井達也
61%
1番 佐々木俊輔
58%
4番 頓宮裕真
57%
9番 田宮裕涼
57%
小島和哉
56%
5番 野村佑希
56%
6番 レイエス
56%
1番 藤岡裕大
55%
8番 古賀悠斗
55%
2番 小深田大翔
54%
9番 村林一輝
54%
1番 松本剛
54%
4番 山口航輝
52%
3番 小郷裕哉
52%
早川隆久
50%
7番 水野達稀
49%
6番 梶原昂希
48%
5番 安田尚憲
48%
9番 友杉篤輝
47%
4番 マルティネス
47%
9番 サイスニード
45%
6番 フランコ
45%
4番 堂林翔太
44%
3番 梶谷隆幸
41%
7番 ウォーカー
41%
5番 島内宏明
41%
2番 西野真弘
40%
8番 シャイナー
36%
4番 アギラー
34%
8番 ロドリゲス
33%
6番 レイノルズ
31%
7番 コルデロ
31%
8番 石上泰輝
30%
2番 スティーブンソン
28%
7番 田村俊介
27%
1番 金子侑司
27%
1番 三好大倫
26%
7番 T-岡田
26%
1番 茂木栄五郎
25%
2番 若林楽人
25%
8番 奈良間大己
22%
2番 上本崇司
21%
7番 ディカーソン
18%
9番 廣岡大志
18%
6番 ブランドン
10%
No matching quizzes found
Score Distribution
Percent of People with Each Score
Percentile by Number Answered
Your Score History
You have not taken this quiz